• 首页
  • 本馆介绍
  • 公告通知
  • 最新文献
  • 馆藏检索
  • 电子资源
  • 读者导购
  • 参考咨询
  • 我的图书馆
  • 登录
  • 详细信息显示
  • 放入我的书架
  • 预约/预借图书
  • 作者相关作品
  • 分类相关作品
  • 丛书相关作品
  • 出版社相关作品

书目信息

  • 表格格式
  • 工作单格式
  • 卡片格式
题名:
展示传媒设计
    
 
作者: 郭永艳 编著
分册:  
出版信息: 上海   上海人民美术出版社  2006
页数: 133页
开本: 25cm
丛书名:
单 册:
中图分类: J525.2
科图分类:
主题词: 展览会--设计--高等学校--教材 , 展览会
电子资源:
ISBN: 7-5322-4981-6
000 00882nam0 2200253 450
001 003335452
005 20070805165747.15
010    @a7-5322-4981-6@dCNY38.00
100    @a20060104d2006 em y0chiy0110 ea
101 0  @achi
102    @aCN@b310000
105    @aa z 000yy
200 1  @a展示传媒设计@9zhan shi chuan mei she ji@dMedia design for exhibition@f郭永艳编著@zeng
210    @a上海@c上海人民美术出版社@d2006
215    @a133页@c图@d25cm
300    @a高等院校展示设计辅导系列教材
330    @a本书分类讲述了展示传媒设计的各种特点和在展示中的应用。内容包括:展示中的版面设计、展示中的VI设计、展示中的宣传设计、展示中的装饰设计等。
510 1  @aMedia design for exhibition@zeng
606 0  @a展览会@x设计@x高等学校@j教材
606 0  @a展览会
690    @aJ525.2@v4
701  0 @a郭永艳@9guo yong yan@4编著
801  0 @aCN@bNLC@c20070805
905    @a10447@dJ525.2@e272
    
    展示传媒设计=Media design for exhibition/郭永艳编著.-上海:上海人民美术出版社,2006
    133页:图;25cm
    高等院校展示设计辅导系列教材
    
    ISBN 7-5322-4981-6:CNY38.00
    本书分类讲述了展示传媒设计的各种特点和在展示中的应用。内容包括:展示中的版面设计、展示中的VI设计、展示中的宣传设计、展示中的装饰设计等。
●
相关链接 在E读中查询图书 在五车中查询图书 在当当中查询图书 在豆瓣中查询图书


正题名:展示传媒设计     索取号:J525.2/272         预约/预借

序号 登录号 条形码 馆藏地/架位号 状态 备注
1 0808546   208085463   第一样本阅览室/ [索取号:J525.2/272] 在馆    
2 0808547   208085472   第一借阅区/ [索取号:J525.2/272] 在馆    
3 0808548   208085481   第一借阅区/ [索取号:J525.2/272] 在馆    
4 0808549   208085490   第一借阅区/ [索取号:J525.2/272] 在馆    
5 0808550   208085506   第一借阅区/ [索取号:J525.2/272] 在馆    
6 0808551   208085515   第一借阅区/ [索取号:J525.2/272] 在馆    
7 0808552   208085524   第一借阅区/ [索取号:J525.2/272] 在馆    
8 0808553   208085533   密集书库-美术系/ [索取号:J525.2/272] 在馆    
9 0808554   208085542   美术系资料室/ [索取号:J525.2/272] 在馆    
10 0808555   208085551   美术系资料室/ [索取号:J525.2/272] 在馆    
唐山师范学院图书馆 欢迎您!
大连网信软件有限公司© 版权所有